Linie tramwajowe w Warszawie - Statystyki

Ogólne statystyki
  • Ten quiz został rozwiązany 138 razy
    61 od ostatniego zresetowania
  • Średni wynik to 25 z 50
Statystyki odpowiedzi
Nr linii Kierunek % Poprawnych
1 Annopol
91%
6 Gocławek
67%
2 Metro Młociny
67%
1 Banacha
62%
9 Gocławek
62%
20 Boernerowo
60%
7 Kawęczyńska-Bazylika
58%
33 Metro Młociny
58%
3 Annopol
56%
24 Gocławek
56%
33 Kielecka
56%
17 PKP Służewiec
56%
7 P+R Aleja Krakowska
56%
9 P+R Aleja Krakowska
56%
4 Wyścigi
56%
26 Metro Młociny
53%
10 Osiedle Górczewska
53%
22 Piaski
53%
17 Winnica
53%
20 Żerań FSO
53%
15 Marymont-Potok
51%
6 Metro Młociny
51%
11 Nowe Bemowo
51%
15 P+R Aleja Krakowska
51%
2 Winnica
51%
10 Wyścigi
51%
13 Cmentarz Wolski
49%
16 Miasteczko Wilanów
49%
24 Nowe Bemowo
49%
22 WIatraczna
49%
26 Wiatraczna
49%
18 Żerań FSO
49%
23 Czynszowa
47%
3 Gocławek
47%
16 Piaski
47%
11 Sielce
47%
14 Banacha
44%
27 Cmentarz Wolski
44%
28 Dworzec Wschodni (Kijowska)
44%
28 Osiedle Górczewska
44%
13 Kawęczyńska-Bazylika
42%
27 Metro Marymont
42%
23 Nowe Bemowo
42%
4 Żerań Wschodni
42%
25 Banacha
40%
18 PKP Służewiec
40%
14 Miasteczko Wilanów
38%
25 Annopol
36%
31 Metro Wierzbno
31%
31 PKP Służewiec
31%
Nie znaleziono quizów pasujących do podanych kryteriów
Rozkład punktacji
Procent ludzi z każdym wynikiem
Percentyl według liczby udzielonych odpowiedzi
Twoja historia wyników
Nie rozwiązałeś tego quizu od ostatniego zresetowania